logo

Bir Sreshtho Munshi Abdur Rouf Library
Jhenaidah Cadet College

নিউজিল্যান্ড : (Record no. 3874)

MARC details
000 -LEADER
fixed length control field 00666nam a2200229 a 4500
001 - CONTROL NUMBER
JCCL Control Number 3874
003 - CONTROL NUMBER IDENTIFIER
JCCL marc code BD-JhCC
005 - DATE AND TIME OF LATEST TRANSACTION
control field 20171213132057.0
008 - FIXED-LENGTH DATA ELEMENTS--GENERAL INFORMATION
fixed length control field 171119s2008 bg a|||| |||| 00| 0 ben d
020 ## - INTERNATIONAL STANDARD BOOK NUMBER
International Standard Book Number 984700220093X
035 ## - SYSTEM CONTROL NUMBER
system control number (BD-JhCC)3874
040 ## - CATALOGING SOURCE
Original cataloging agency BD-JhCC
Modifying agency BD-JhCC
041 ## - LANGUAGE CODE
Language code of Book ben
082 ## - DEWEY DECIMAL CLASSIFICATION NUMBER
Classification number 910.4
Author mark and Year SUV 2008
100 ## - MAIN ENTRY--PERSONAL NAME
Personal name শুভ্র, উৎপল
245 ## - TITLE STATEMENT
Title নিউজিল্যান্ড :
Remainder of title শহর থেকে শহরে /
Statement of responsibility, etc উৎপল শুভ্র
260 ## - PUBLICATION, DISTRIBUTION, ETC. (IMPRINT)
Place of publication, distribution, etc ঢাকা :
Name of publisher, distributor, etc সূচীপত্র,
Date of publication, distribution, etc 2008.
300 ## - PHYSICAL DESCRIPTION
Pagination 35 p. :
Other physical details illu;
Dimensions 18 cm.
650 ## - SUBJECT ADDED ENTRY--TOPICAL TERM
Topical term or geographic name as entry element Travelogus
942 ## - ADDED ENTRY ELEMENTS (KOHA)
Source of classification or shelving scheme Dewey Decimal Classification
Koha item type Books
Holdings
Source of classification or shelving scheme Damaged status Not for loan Home library Current library Shelving location Date of accession Source of acquisition Cost, normal purchase price Total Checkouts Full call number Barcode Date last seen Copy number Koha item type
Dewey Decimal Classification     JCC Rouf Library JCC Rouf Library General Stacks 11/19/2017 Zahedee Foundation 180.00   910.4 SUV 2008 4148 11/19/2017 C-1 Books

JCC Library | Contacts | JCC Home

Last Update on 23 September 2017
Copyright @ 2017-2020 JCC Rouf Library
Rouf Library, Jhenidah Cadet College (JCC), Bangladesh